Tal vez en dura tierra : obra recobrada, 1953-1989 /
محفوظ في:
| المؤلف الرئيسي: | |
|---|---|
| مؤلفون آخرون: | |
| التنسيق: | كتاب |
| اللغة: | Spanish |
| منشور في: |
San José, Costa Rica :
Editorial de la Universidad de Costa Rica,
1992.
|
| الطبعة: | 1. edición |
| الموضوعات: | |
| الوسوم: |
إضافة وسم
لا توجد وسوم, كن أول من يضع وسما على هذه التسجيلة!
|
MARC
| LEADER | 00000cam a22000007a 4500 | ||
|---|---|---|---|
| 001 | 1356630 | ||
| 005 | 20200131114833.0 | ||
| 008 | 781228s1992 cr 000 1 spa d | ||
| 020 | |a 9977671982 | ||
| 040 | |a NNC |c NNC |d CRU CIICLA | ||
| 082 | |a CR861.4 |b D985t | ||
| 100 | 1 | |a Duverrán, Carlos Rafael |d 1953-1989 | |
| 245 | 0 | 0 | |a Tal vez en dura tierra : |b obra recobrada, 1953-1989 / |c Carlos Rafael Duverrán ; selección y prólogo de Antidio Cabal |
| 250 | |a 1. edición | ||
| 260 | 1 | |a San José, Costa Rica : |b Editorial de la Universidad de Costa Rica, |c 1992. | |
| 300 | |a 282 páginas: |b ilustraciones a color | ||
| 500 | |a Retrato del autor: xilografía de Francisco Amighetti, 1991. | ||
| 650 | 7 | |9 76 |a LITERATURA COSTARRICENSE |v POESIA | |
| 700 | 1 | |a Cabal, Antidio |j prólogo | |
| 942 | |2 ddc |c BK | ||
| 999 | |c 3665 |d 3665 | ||



